000
00310nam a2200133Ia 4500
008
191201s2011 xx 000 0 und d
100
_a
SILBERSCHATZ, Abraham
245
0
_a
Database Systems concepts
250
_a
6th
260
_c
2011
_b
TMH
_a
N. delhi
300
_a
1349
650
_a
CSE
942
_2
ddc
_c
BB
_0
1
999
_c
7460
_d
7460